Catalog

Record Details

Catalog Search



Dobrý začátek : ověřené postupy pro učitelky mateřských škol  Cover Image Book Book

Dobrý začátek : ověřené postupy pro učitelky mateřských škol / autoři jednotlivých kapitol v abecedním pořadí: Alexandra Dobrovolná, Marek Havrda, Egle Havrdová, Lucie Chaloupková, Kateřina Vyhnánková

Record details

  • ISBN: 978-80-905748-2-3
  • Physical Description: 130 stran : ilustrace ; 26 cm
  • Publisher: [Praha] : Schola Empirica, 2015

Content descriptions

General Note:
500 výtisků
Bibliography, etc. Note:
Obsahuje bibliografii a bibliografické odkazy
Subject: učitelky mateřských škol
předškolní výchova
osobnostní a sociální výchova
pedagogické dovednosti
profesní rozvoj
rodina a škola
women kindergarten teachers
preschool education
personal and social education
teaching skills
professional development
home and school
Genre: metodické příručky
methodological manuals

Available copies

  • 1 of 1 copy available at Common Catalog SPOK.

Holds

  • 0 current holds with 1 total copy.
Show Only Available Copies
Location Call Number / Copy Notes Barcode Shelving Location Status Due Date
Jabok Library Ped-3.5.1/D 424480045038 Odborná literatura Available -

LDR 02311nam a2200589 i 4500
00156756
003CZ-PrJAB
00520220615095829.0
007ta
008151109s2015 xr a f f 000 0 cze
015 . ‡acnb002749062
020 . ‡a978-80-905748-2-3 ‡q(brožováno)
035 . ‡a(CZ PrNK)nkc20152749062
035 . ‡a(OCoLC)932001054
040 . ‡aABA001 ‡bcze ‡erda
072 7. ‡a373.2/.3 ‡xPředškolní a primární výchova a vzdělávání ‡2Konspekt ‡922
080 . ‡a373.2.011.3-051-055.2 ‡2MRF
080 . ‡a373.2 ‡2MRF
080 . ‡a37.015.31:316.42 ‡2MRF
080 . ‡a37.091.321 ‡2MRF
080 . ‡a005.963 ‡2MRF
080 . ‡a37.018.26 ‡2MRF
080 . ‡a(072) ‡2MRF
1001 . ‡aDobrovolná, Saša, ‡d1971- ‡7mzk2013744270 ‡4aut
24510. ‡aDobrý začátek : ‡bověřené postupy pro učitelky mateřských škol / ‡cautoři jednotlivých kapitol v abecedním pořadí: Alexandra Dobrovolná, Marek Havrda, Egle Havrdová, Lucie Chaloupková, Kateřina Vyhnánková
264 1. ‡a[Praha] : ‡bSchola Empirica, ‡c2015
300 . ‡a130 stran : ‡bilustrace ; ‡c26 cm
336 . ‡atext ‡btxt ‡2rdacontent
337 . ‡abez média ‡bn ‡2rdamedia
338 . ‡asvazek ‡bnc ‡2rdacarrier
500 . ‡a500 výtisků
504 . ‡aObsahuje bibliografii a bibliografické odkazy
65007. ‡aučitelky mateřských škol ‡7ph276826 ‡2czenas
65007. ‡apředškolní výchova ‡7ph124887 ‡2czenas
65007. ‡aosobnostní a sociální výchova ‡7ph351300 ‡2czenas
65007. ‡apedagogické dovednosti ‡7ph157201 ‡2czenas
65007. ‡aprofesní rozvoj ‡7ph706538 ‡2czenas
65007. ‡arodina a škola ‡7ph125181 ‡2czenas
65009. ‡awomen kindergarten teachers ‡2eczenas
65009. ‡apreschool education ‡2eczenas
65009. ‡apersonal and social education ‡2eczenas
65009. ‡ateaching skills ‡2eczenas
65009. ‡aprofessional development ‡2eczenas
65009. ‡ahome and school ‡2eczenas
655 7. ‡ametodické příručky ‡7fd132826 ‡2czenas
655 9. ‡amethodological manuals ‡2eczenas
7001 . ‡aHavrda, Marek ‡7osa2014803829 ‡4aut
7001 . ‡aHavrdová, Egle, ‡d1974- ‡7mzk2007417427 ‡4aut
7001 . ‡aŠkarková, Lucie, ‡d1981- ‡7mzk2010614229 ‡4aut
7001 . ‡aVyhnánková, Kateřina, ‡d1979- ‡7mzk2008430584 ‡4aut
910 . ‡aABG312
995 . ‡aska
901 . ‡a56756 ‡bAUTOGEN ‡c56756 ‡tbiblio

Additional Resources